Abuse of dominant position in EU and U.S. law /

Hlavní autor: Funta, Rastislav, 1982-
Jazyk: Angličtina
Vydáno: Brno : Tribun EU, 2011
Vydání: 3rd ed. at Tribun EU
Edice: Librix.eu
Témata:
Fyzický popis: 215 s. ; 21 cm
Knihy
Uloženo v:
LEADER 01778nam a2200457 a 4500
001 nkc20112255464
003 CZ PrNK
005 20111220143706.0
007 ta
008 111129s2011 xr e 000 0 eng
015 |a cnb002255464 
020 |a 978-80-263-0042-7  |q (brož.) 
035 |a (OCoLC)773173063 
040 |a ABA001  |b cze 
043 |a e------  |a n-us--- 
072 7 |a 347.7  |x Obchodní právo. Finanční právo. Právo průmyslového vlastnictví. Patentové právo. Autorské právo  |2 Konspekt  |9 16 
080 |a 347.733  |2 MRF 
080 |a (4)  |2 MRF 
080 |a (73)  |2 MRF 
080 |a (048.8)  |2 MRF 
100 1 |a Funta, Rastislav,  |d 1982-  |7 jx20100609002  |4 aut 
245 1 0 |a Abuse of dominant position in EU and U.S. law /  |c Rastislav Funta 
250 |a 3rd ed. at Tribun EU 
260 |a Brno :  |b Tribun EU,  |c 2011 
300 |a 215 s. ;  |c 21 cm 
490 1 |a Librix.eu 
500 |a Obálkový podnázev: predatory pricing 
504 |a Obsahuje bibliografii a bibliografické odkazy 
650 0 7 |a zneužití dominantního postavení  |7 ph521130  |z země Evropské unie  |2 czenas 
650 0 7 |a zneužití dominantního postavení  |7 ph521130  |z Spojené státy americké  |2 czenas 
650 0 9 |a abuse of dominance  |z European Union countries  |2 eczenas 
650 0 9 |a abuse of dominance  |z United States  |2 eczenas 
655 7 |a srovnávací studie  |7 fd133583  |2 czenas 
655 9 |a comparative studies  |2 eczenas 
830 0 |a Librix.eu  |0 s 
910 2 |a BOA001  |b 2-1274.459 
990 |a BK 
995 |a 01 
991 |b 201112  |c NOV  |j 347.7 FUN  |e n 
996 6 |b 2610494233  |c 2-1274.459  |l MZK  |r Sklad / do 1 hodiny  |n 0  |p p.v.  |w 001216147  |u 000010  |a 1  |e BOA001  |j MZK50  |s P 
996 7 |b 2610494234  |c 2-1274.459  |l MZK  |r Sklad / do 1 hodiny  |n 2  |p p.v.  |w 001216147  |u 000020  |a 1  |e BOA001  |j MZK50  |s A